000 00354nam a2200145 a 4500
008 981126s1971||||xx 0 und c
040 _aSNK
_bslo
_cSNK
_eAACR2
100 1 _aLlewellyn, Richard
245 1 0 _aBolo raz Zelené údolie
260 _aBratislava
_bMladá fronta
_c1971
300 _a440 s.
044 _axo
_cSK
041 _aslo
020 _c20
999 _c12007
_d12007